[Event "Nikaia op 17th"]
[Site "Nikaia"]
[Date "2009.08.24"]
[Round "4"]
[White "Karagiannis, Athanasios"]
[Black "Ponirakis, Dimitrios"]
[Result "1/2-1/2"]
[WhiteElo "2328"]
[BlackElo "2032"]
[PlyCount "30"]
[EventDate "2009.08.22"]
[EventType "swiss"]
[EventRounds "9"]
[EventCountry "GRE"]
[SourceTitle "CBM 132 Extra"]
[Source "ChessBase"]
[SourceDate "2009.11.03"]
[SourceVersion "1"]
[SourceVersionDate "2009.11.03"]
[SourceQuality "1"]

1. e4 e5 2. Nf3 Nc6 3. c3 Nf6 4. d4 Nxe4 5. d5 Ne7 6. Nxe5 Ng6 7. Nd3 Bd6 8.
Be3 O-O 9. Nd2 Qe7 10. Be2 f5 11. Nc4 f4 12. Bd4 Nh4 13. Nxd6 cxd6 14. O-O Qg5
15. Ne1 f3 1/2-1/2

[Event "SC-2009-0-00039"]
[Site "Lechenicher SchachServer"]
[Date "2009.08.24"]
[Round "?"]
[White "Laine, Jari"]
[Black "Metz, Larry R"]
[Result "1/2-1/2"]
[WhiteElo "1618"]
[BlackElo "1412"]
[PlyCount "65"]
[EventDate "2009.06.23"]
[SourceTitle "OM Corr 202003"]
[Source "Opening Master"]
[SourceDate "2019.05.30"]
[SourceVersion "2"]
[SourceVersionDate "2019.05.30"]
[SourceQuality "1"]

1. e4 e5 2. Nf3 Nc6 3. c3 Nf6 4. d4 Nxe4 5. d5 Ne7 6. Nxe5 Ng6 7. Nc4 Bc5 8.
Be3 Bxe3 9. Nxe3 Qh4 10. Qe2 O-O 11. g3 Qe7 12. Bg2 d6 13. O-O f5 14. c4 f4 15.
Nc2 f3 16. Bxf3 Ng5 17. Bh5 Nh3+ 18. Kh1 Qxe2 19. Bxe2 Nxf2+ 20. Kg1 Nh3+ 21.
Kg2 Rxf1 22. Kxf1 Bd7 23. Kg2 Rf8 24. Nc3 Rf2+ 25. Kh1 Ne5 26. Rf1 Kf7 27.
Rxf2+ Nxf2+ 28. Kg2 Nfd3 29. b3 a6 30. Bxd3 Nxd3 31. Nd4 g5 32. Kf3 Ne5+ 33.
Kf2 1/2-1/2

[Event "FICS rated standard game"]
[Site "FICS freechess.org"]
[Date "2009.08.24"]
[Round "?"]
[White "farzinali"]
[Black "VonLippe"]
[Result "1-0"]
[WhiteElo "2262"]
[BlackElo "2062"]
[PlyCount "36"]
[EventDate "2009.??.??"]
[SourceTitle "OM Portal C 201906"]
[Source "Opening Master"]
[SourceDate "2019.06.27"]
[SourceVersion "1"]
[SourceVersionDate "2019.06.27"]
[SourceQuality "1"]

1. e4 e5 2. Nf3 Nc6 3. c3 d5 4. Qa4 f6 5. d3 Nge7 6. Be2 Qd6 7. Na3 Be6 8. b4
Nc8 9. Qc2 Be7 10. b5 Nd8 11. d4 O-O 12. O-O Nb6 13. Rd1 c6 14. c4 exd4 15.
Nxd4 Bf7 16. Nf5 Qc7 17. cxd5 Bb4 18. Rb1 c5 1-0

[Event "Berlin Lichtenberger op 8th"]
[Site "Berlin"]
[Date "2009.08.23"]
[Round "9"]
[White "Batschari, Alexander"]
[Black "Hesselbarth, Karlheinz"]
[Result "1/2-1/2"]
[WhiteElo "1808"]
[BlackElo "1864"]
[PlyCount "60"]
[EventDate "2009.08.15"]
[EventType "swiss"]
[EventRounds "9"]
[EventCountry "GER"]
[SourceTitle "CBM 131 Extra"]
[Source "ChessBase"]
[SourceDate "2009.09.03"]
[SourceVersion "2"]
[SourceVersionDate "2009.09.16"]
[SourceQuality "1"]

1. e4 e5 2. Nf3 Nc6 3. c3 Nge7 4. d4 Ng6 5. Bc4 Be7 6. O-O d6 7. Be3 O-O 8.
Nbd2 Bd7 9. Re1 Bf6 10. h3 a6 11. Nf1 b5 12. Bd5 Rb8 13. b4 exd4 14. Nxd4 Nce5
15. Ne2 Ne7 16. Ba7 Nxd5 17. Bxb8 Nb6 18. Ba7 Nbc4 19. Bd4 Bh4 20. Nf4 f5 21.
g3 fxe4 22. Bxe5 dxe5 23. Qd5+ Rf7 24. Ng2 Qf6 25. Nxh4 Bc6 26. Qc5 e3 27. f4
exf4 28. Nxe3 Nxe3 29. Rxe3 fxe3 30. Qxe3 Qd6 1/2-1/2

[Event "Berlin Lichtenberger op 8th"]
[Site "Berlin"]
[Date "2009.08.23"]
[Round "9"]
[White "Getzuhn, Detlef"]
[Black "Jachym, Adam"]
[Result "0-1"]
[WhiteElo "1957"]
[BlackElo "1583"]
[PlyCount "42"]
[EventDate "2009.08.15"]
[EventType "swiss"]
[EventRounds "9"]
[EventCountry "GER"]
[SourceTitle "CBM 131 Extra"]
[Source "ChessBase"]
[SourceDate "2009.09.03"]
[SourceVersion "2"]
[SourceVersionDate "2009.09.16"]
[SourceQuality "1"]

1. e4 e5 2. Nf3 Nc6 3. c3 d5 4. Qa4 dxe4 5. Nxe5 Bd7 6. Nxd7 Qxd7 7. Qxe4+ Be7
8. Bb5 Nf6 9. Bxc6 bxc6 10. Qf3 O-O 11. d4 Rab8 12. O-O Bd6 13. Nd2 Ng4 14. g3
f5 15. Nc4 f4 16. h3 Nh2 17. Qg2 Nxf1 18. Kxf1 fxg3 19. f3 Qf5 20. Nxd6 Qd3+
21. Ke1 cxd6 0-1

[Event "Polanica Zdroj op-A 45th"]
[Site "Polanica Zdroj"]
[Date "2009.08.23"]
[Round "6"]
[White "Szablowski, Pawel"]
[Black "Staniszewski, Piotr"]
[Result "1/2-1/2"]
[WhiteElo "2153"]
[BlackElo "2383"]
[PlyCount "122"]
[EventDate "2009.08.18"]
[EventType "swiss"]
[EventRounds "10"]
[EventCountry "POL"]
[SourceTitle "CBM 131 Extra"]
[Source "ChessBase"]
[SourceDate "2009.09.03"]
[SourceVersion "2"]
[SourceVersionDate "2009.09.16"]
[SourceQuality "1"]

1. e4 e5 2. Nf3 Nc6 3. c3 Nf6 4. d4 Nxe4 5. d5 Ne7 6. Nxe5 Ng6 7. Nxg6 hxg6 8.
Bd3 Nc5 9. Bc2 d6 10. Be3 Be7 11. O-O O-O 12. Nd2 a5 13. Nb3 Bd7 14. Nd4 Re8
15. Re1 Bf6 16. f3 Re5 17. c4 a4 18. Rb1 Qe7 19. Qd2 Re8 20. Bf2 Qd8 21. Rxe5
Rxe5 22. Re1 g5 23. Rxe5 Bxe5 24. Bb1 g6 25. Ne2 Bf6 26. Bd4 Kg7 27. g3 Bxd4+
28. Qxd4+ Qf6 29. Kf2 b5 30. Ke3 bxc4 31. Qxf6+ Kxf6 32. Kd4 Nd3 33. Bxd3 cxd3
34. Nc3 Kf5 35. Kxd3 Ke5 36. Ke3 Be8 37. Ne4 f6 38. a3 Bf7 39. Nc3 Bxd5 40.
Nxa4 Bb3 41. Nc3 c5 42. Ne4 Ke6 43. Nd2 Ba4 44. b4 f5 45. Nb1 Ke5 46. f4+ gxf4+
47. gxf4+ Kf6 48. Nc3 cxb4 49. axb4 Bc6 50. h4 Kg7 51. Ne2 Kh6 52. Nd4 Bb7 53.
Kf2 Kh5 54. Kg3 d5 55. b5 Bc8 56. b6 Bb7 57. Ne6 Bc8 58. Nd4 Bb7 59. Ne6 Bc8
60. Kh3 Kh6 61. Kg3 Kh5 1/2-1/2

[Event "Collado Villalba op-B 26th"]
[Site "Collado Villalba"]
[Date "2009.08.23"]
[Round "3"]
[White "Aguado Garcia, Pablo"]
[Black "Garcia Lopez, Fernando"]
[Result "1-0"]
[WhiteElo "1884"]
[BlackElo "1679"]
[PlyCount "51"]
[EventDate "2009.08.21"]
[EventType "swiss"]
[EventRounds "9"]
[EventCountry "ESP"]
[SourceTitle "EXT 2011"]
[Source "ChessBase"]
[SourceDate "2010.11.26"]
[SourceVersion "1"]
[SourceVersionDate "2010.11.26"]
[SourceQuality "1"]

1. e4 e5 2. Nf3 Nc6 3. c3 Nf6 4. d4 exd4 5. e5 Nd5 6. cxd4 Bb4+ 7. Bd2 Bxd2+ 8.
Qxd2 d6 9. Bb5 Bd7 10. O-O a6 11. Bxc6 Bxc6 12. exd6 Qxd6 13. Re1+ Ne7 14. Qe3
Bxf3 15. Qxf3 c6 16. Qe4 Kd8 17. Nc3 f5 18. Qh4 h6 19. d5 g5 20. Qd4 Kd7 21.
Re6 Qb8 22. Rae1 Qf8 23. dxc6+ Ke8 24. Rxe7+ Qxe7 25. Qxh8+ Kf7 26. Rxe7+ 1-0

[Event "SLO-chT U20"]
[Site "Nova Gorica"]
[Date "2009.08.23"]
[Round "3"]
[White "Kralj, Samo"]
[Black "Vrban, Rok"]
[Result "1/2-1/2"]
[WhiteElo "1810"]
[BlackElo "2026"]
[PlyCount "21"]
[EventDate "2009.08.22"]
[EventType "team-tourn"]
[EventRounds "9"]
[EventCountry "SLO"]
[SourceTitle "CBM 132 Extra"]
[Source "ChessBase"]
[SourceDate "2009.11.03"]
[SourceVersion "1"]
[SourceVersionDate "2009.11.03"]
[SourceQuality "1"]

1. e4 e5 2. Nf3 Nc6 3. c3 d5 4. Qa4 dxe4 5. Nxe5 Qd5 6. Bb5 Bd7 7. Nxd7 Kxd7 8.
O-O a6 9. Bc4 Qf5 10. Qb3 Na5 11. Qa4+ 1/2-1/2

[Event "FICS rated standard game"]
[Site "FICS freechess.org"]
[Date "2009.08.23"]
[Round "?"]
[White "farzinali"]
[Black "skylancer"]
[Result "1-0"]
[WhiteElo "2246"]
[BlackElo "2015"]
[PlyCount "27"]
[EventDate "2009.??.??"]
[SourceTitle "OM Portal C 201906"]
[Source "Opening Master"]
[SourceDate "2019.06.27"]
[SourceVersion "1"]
[SourceVersionDate "2019.06.27"]
[SourceQuality "1"]

1. e4 e5 2. Nf3 Nc6 3. c3 Bc5 4. d4 exd4 5. Bc4 Nf6 6. cxd4 Bb4+ 7. Bd2 Bxd2+
8. Nbxd2 d5 9. exd5 Nxd5 10. Qb3 Qe7+ 11. Kf1 Nb6 12. Re1 Be6 13. Bxe6 fxe6 14.
Rxe6 1-0

[Event "FRA-chB (Women)"]
[Site "Nimes"]
[Date "2009.08.22"]
[Round "11"]
[White "Rigolot, Lucie"]
[Black "Batteau, Valerie"]
[Result "1-0"]
[WhiteElo "1806"]
[BlackElo "1951"]
[PlyCount "71"]
[EventDate "2009.08.10"]
[EventType "tourn"]
[EventRounds "11"]
[EventCountry "FRA"]
[SourceTitle "CBM 132 Extra"]
[Source "ChessBase"]
[SourceDate "2009.11.03"]
[SourceVersion "1"]
[SourceVersionDate "2009.11.03"]
[SourceQuality "1"]

1. e4 e5 2. Nf3 Nc6 3. c3 d5 4. Qa4 dxe4 5. Nxe5 Qd5 6. Bb5 Nge7 7. Nxc6 Nxc6
8. O-O f5 9. Re1 a6 10. Bxc6+ bxc6 11. d3 Kf7 12. dxe4 fxe4 13. Bf4 Bd6 14. Rd1
Qb5 15. Qxe4 Bg4 16. f3 Rae8 17. Qc2 Bf5 18. Qc1 Bc5+ 19. Kh1 Re2 20. Nd2 Qb6
21. Nc4 Qb5 22. Ne5+ Kf6 23. b4 Bb6 24. a4 Be3 25. axb5 Bxc1 26. Rdxc1 Rxe5 27.
Bxe5+ Kxe5 28. bxa6 Ra8 29. a7 Kd6 30. Ra5 Bc8 31. c4 Bb7 32. Rca1 g6 33. b5
cxb5 34. Rxb5 Kc6 35. Kg1 Rd8 36. Rab1 1-0

[Event "Nikaia op 17th"]
[Site "Nikaia"]
[Date "2009.08.22"]
[Round "1"]
[White "Managadze, Nikoloz"]
[Black "Glyptis, Georgios"]
[Result "1-0"]
[WhiteElo "2459"]
[BlackElo "1561"]
[PlyCount "43"]
[EventDate "2009.08.22"]
[EventType "swiss"]
[EventRounds "9"]
[EventCountry "GRE"]
[SourceTitle "CBM 132 Extra"]
[Source "ChessBase"]
[SourceDate "2009.11.03"]
[SourceVersion "1"]
[SourceVersionDate "2009.11.03"]
[SourceQuality "1"]

1. e4 e5 2. Nf3 Nc6 3. c3 Nf6 4. d4 Nxe4 5. d5 Nb8 6. Nxe5 Qf6 7. Qd4 Nxf2 8.
Rg1 d6 9. Bb5+ Bd7 10. Nxd7 Qxd4 11. cxd4 Nxd7 12. Kxf2 O-O-O 13. Re1 Nb6 14.
Nc3 Nxd5 15. Nxd5 c6 16. Bc4 cxd5 17. Bxd5 Rd7 18. Re8+ Kc7 19. Bd2 Re7 20.
Ba5+ b6 21. Rc1+ Kd7 22. Rec8 1-0

[Event "XIV. Sakkozo Magyarok World Meeting"]
[Site "Lakitelek, Hungary"]
[Date "2009.08.21"]
[Round "3"]
[White "Juhasz, Barbara"]
[Black "Palasti, Ferenc"]
[Result "1/2-1/2"]
[WhiteElo "1871"]
[BlackElo "2018"]
[PlyCount "106"]
[EventDate "2009.??.??"]
[EventRounds "9"]
[EventCountry "HUN"]
[SourceTitle "OM OTB B 201907"]
[Source "Opening Master"]
[SourceDate "2019.07.06"]
[SourceVersion "2"]
[SourceVersionDate "2019.07.06"]
[SourceQuality "1"]

1. e4 e5 2. Nf3 Nc6 3. c3 Nf6 4. d4 d5 5. dxe5 Nxe4 6. Bb5 Bg4 7. O-O Bc5 8. h3
Bh5 9. Qa4 O-O 10. Bxc6 bxc6 11. Nd4 Qe7 12. Nd2 Qxe5 13. Nxe4 Qxe4 14. Qxc6
Bb6 15. Bd2 Rad8 16. Rfe1 Qh4 17. Be3 Bg6 18. Nf3 Qh5 19. Bxb6 cxb6 20. Rad1
Be4 21. Nd4 Qg5 22. f3 Bg6 23. Re2 Qg3 24. Rde1 h6 25. Rf1 Kh7 26. Re7 Qg5 27.
Rxa7 Qe3+ 28. Kh1 Bd3 29. Rg1 Qd2 30. Qxb6 Rb8 31. Rb7 Rbe8 32. Qd6 Rd8 33. Qg3
Bg6 34. f4 Rg8 35. f5 Bh5 36. Qh4 Be2 37. Nxe2 Qxe2 38. Rxf7 Rdf8 39. Rxf8 Rxf8
40. Qg4 Qxb2 41. Qg6+ Kh8 42. Qd6 Rxf5 43. Qe6 Rg5 44. h4 Rg3 45. Qxd5 Qxc3 46.
Qe4 Qd3 47. Qxd3 Rxd3 48. Rf1 Ra3 49. Rf2 Kh7 50. Kh2 Kg6 51. g3 Kh5 52. Kh3
Ra4 53. Rb2 Kg6 1/2-1/2

[Event "FRA-chB (Women)"]
[Site "Nimes"]
[Date "2009.08.20"]
[Round "9"]
[White "Rigolot, Lucie"]
[Black "Fruteau, Sabine"]
[Result "0-1"]
[WhiteElo "1806"]
[BlackElo "2126"]
[PlyCount "98"]
[EventDate "2009.08.10"]
[EventType "tourn"]
[EventRounds "11"]
[EventCountry "FRA"]
[SourceTitle "CBM 132 Extra"]
[Source "ChessBase"]
[SourceDate "2009.11.03"]
[SourceVersion "1"]
[SourceVersionDate "2009.11.03"]
[SourceQuality "1"]

1. e4 e5 2. Nf3 Nc6 3. c3 Nf6 4. d4 exd4 5. e5 Ne4 6. Qc2 d5 7. cxd4 Bf5 8. Qa4
Bb4+ 9. Nbd2 O-O 10. a3 Nxd2 11. Bxd2 Bxd2+ 12. Nxd2 Qh4 13. Nf3 Qe4+ 14. Be2
Bg4 15. Rd1 Nxe5 16. Qb3 Nc4 17. Kf1 Rae8 18. Bd3 Qf4 19. Bxc4 dxc4 20. Qc3 b5
21. h3 Bxf3 22. gxf3 Re6 23. Re1 Rxe1+ 24. Kxe1 Re8+ 25. Kd1 Rd8 26. Kc2 Qxd4
27. Qxd4 Rxd4 28. Re1 Kf8 29. Re5 c6 30. Rc5 Rd6 31. Rh5 Rf6 32. Rxh7 Rxf3 33.
Rh8+ Ke7 34. Ra8 Rxf2+ 35. Kc3 Rf3+ 36. Kc2 Rxh3 37. Rxa7+ Ke6 38. Rc7 Kd6 39.
Rxf7 Rg3 40. Rf8 g5 41. Rg8 Kd5 42. Rg6 g4 43. Rg5+ Kd4 44. Rg6 Rg2+ 45. Kc1 g3
46. Rxc6 Rf2 47. Rd6+ Ke5 48. Rg6 g2 49. Kb1 Rf1+ 0-1

[Event "Brasschaat op 09th"]
[Site "Brasschaat"]
[Date "2009.08.20"]
[Round "6"]
[White "Verhulst, Nikolaas"]
[Black "Poelman, Geoffrey"]
[Result "1-0"]
[WhiteElo "1968"]
[BlackElo "1798"]
[PlyCount "60"]
[EventDate "2009.08.15"]
[EventType "swiss"]
[EventRounds "9"]
[EventCountry "BEL"]
[SourceTitle "CBM 131 Extra"]
[Source "ChessBase"]
[SourceDate "2009.09.03"]
[SourceVersion "2"]
[SourceVersionDate "2009.09.16"]
[SourceQuality "1"]

1. e4 e5 2. Nf3 Nc6 3. c3 Nf6 4. d4 Nxe4 5. d5 Bc5 6. dxc6 Bxf2+ 7. Ke2 bxc6 8.
Qa4 f5 9. Nbd2 Nxd2 10. Bxd2 e4 11. Kxf2 exf3 12. Re1+ Kf7 13. gxf3 Qf6 14. Qf4
Re8 15. Bc4+ Kf8 16. Rxe8+ Kxe8 17. Re1+ Kf8 18. Qg5 Qxg5 19. Bxg5 d5 20. Bd3
h6 21. Bf4 Rb8 22. b3 Bd7 23. Bxc7 Ra8 24. Bd6+ Kg8 25. Re7 Bc8 26. Re8+ Kf7
27. Rf8+ Ke6 28. Bxf5+ Kxd6 29. Rxc8 Rxc8 30. Bxc8 a5 1-0

[Event "FICGS__CHESS__CLASS_G__000034"]
[Site "FICGS"]
[Date "2009.08.19"]
[Round "1"]
[White "Melquiades, Jay"]
[Black "Belaz, Egidio"]
[Result "0-1"]
[WhiteElo "851"]
[BlackElo "1150"]
[PlyCount "54"]
[EventDate "2009.??.??"]

1. e4 e5 2. Nf3 Nc6 3. c3 Nf6 4. d3 Bd6 5. Bg5 O-O 6. h4 Be7 7. Nbd2 h6 8. Bxh6
gxh6 9. d4 Kh7 10. d5 Na5 11. Nxe5 d6 12. b4 dxe5 13. bxa5 b6 14. f3 Bc5 15. h5
Rg8 16. Nc4 Qe8 17. Rg1 Bxg1 18. g4 bxa5 19. Kd2 Bh2 20. d6 cxd6 21. Nxd6 Qe7
22. Ke2 Be6 23. Nf5 Bxf5 24. Bh3 Bd7 25. Qh1 Bf4 26. Rd1 Bb5+ 27. Ke1 Qa3 0-1

[Event "Polanica Zdroj op Seniors 45th"]
[Site "Polanica Zdroj"]
[Date "2009.08.18"]
[Round "1"]
[White "Jagiello, Adolf"]
[Black "Czech, Jan"]
[Result "1-0"]
[WhiteElo "1493"]
[BlackElo "1931"]
[PlyCount "35"]
[EventDate "2009.08.18"]
[EventType "swiss"]
[EventRounds "9"]
[EventCountry "POL"]
[SourceTitle "EXT 2012"]
[Source "ChessBase"]
[SourceDate "2011.11.24"]
[SourceVersion "1"]
[SourceVersionDate "2011.11.24"]
[SourceQuality "1"]

1. e4 e5 2. Nf3 Nc6 3. c3 d6 4. Be2 Be7 5. d3 Nf6 6. h3 h6 7. Be3 Be6 8. Nbd2
d5 9. exd5 Nxd5 10. Qa4 O-O 11. Qc2 a6 12. a3 b5 13. Nb3 Nxe3 14. fxe3 Bh4+ 15.
Kd1 Be7 16. e4 Bd6 17. Rf1 Ne7 18. Qd2 1-0

[Event "Bristol SBC op"]
[Site "Bristol"]
[Date "2009.08.16"]
[Round "5"]
[White "Bryant, Richard BE"]
[Black "Sherwin, James T"]
[Result "0-1"]
[WhiteElo "1945"]
[BlackElo "2236"]
[PlyCount "62"]
[EventDate "2009.08.14"]
[EventType "swiss"]
[EventRounds "5"]
[EventCountry "ENG"]
[SourceTitle "CBM 131 Extra"]
[Source "ChessBase"]
[SourceDate "2009.09.03"]
[SourceVersion "2"]
[SourceVersionDate "2009.09.16"]
[SourceQuality "1"]

1. e4 e5 2. Nf3 Nc6 3. c3 Nf6 4. d4 exd4 5. e5 Ne4 6. Qe2 d5 7. exd6 f5 8. Nxd4
Nxd4 9. cxd4 Bxd6 10. f3 Qh4+ 11. Kd1 O-O 12. Qc4+ Kh8 13. fxe4 fxe4 14. Be3 b5
15. Qc1 Bg4+ 16. Kc2 Qh5 17. Nc3 b4 18. Na4 Rxf1 19. Qxf1 Be2 20. Qe1 Qb5 21.
Qd2 Qxa4+ 22. b3 Bd3+ 23. Kd1 Qd7 24. h3 a5 25. Qf2 a4 26. Kd2 Rf8 27. Qh4 c5
28. g3 cxd4 29. Bf4 Ba6 30. Rac1 e3+ 31. Ke1 Bxf4 0-1

[Event "Haarlem BDO-B"]
[Site "Haarlem"]
[Date "2009.08.15"]
[Round "1"]
[White "Rombaldoni, Andrea"]
[Black "Van Ojik, Mark"]
[Result "1-0"]
[WhiteElo "2269"]
[BlackElo "2245"]
[PlyCount "39"]
[EventDate "2009.08.15"]
[EventType "tourn"]
[EventRounds "9"]
[EventCountry "NED"]
[EventCategory "4"]
[SourceTitle "CBM 131 Extra"]
[Source "ChessBase"]
[SourceDate "2009.09.03"]
[SourceVersion "2"]
[SourceVersionDate "2009.09.16"]
[SourceQuality "1"]

1. e4 e5 2. Nf3 Nc6 3. c3 Nf6 4. d4 exd4 5. e5 Qe7 6. cxd4 d6 7. Bb5 dxe5 8.
dxe5 Bd7 9. O-O Ne4 10. Qe2 Nc5 11. Nc3 O-O-O 12. Rd1 f6 13. Nd5 Qf7 14. b4 a6
15. a4 Nb3 16. Qc4 Kb8 17. Qxb3 Be6 18. Bc4 Nxb4 19. Nxb4 Bxb4 20. Be3 1-0

[Event "Vienna op 16th"]
[Site "Vienna"]
[Date "2009.08.15"]
[Round "1"]
[White "Soderberg, Per"]
[Black "Pruell, Lukas"]
[Result "1-0"]
[WhiteElo "2233"]
[BlackElo "2005"]
[PlyCount "59"]
[EventDate "2009.08.15"]
[EventType "swiss"]
[EventRounds "9"]
[EventCountry "AUT"]
[SourceTitle "CBM 131 Extra"]
[Source "ChessBase"]
[SourceDate "2009.09.03"]
[SourceVersion "2"]
[SourceVersionDate "2009.09.16"]
[SourceQuality "1"]

1. e4 e5 2. Nf3 Nc6 3. c3 Nf6 4. d4 exd4 5. e5 Qe7 6. cxd4 d6 7. Bb5 Bd7 8. O-O
dxe5 9. dxe5 Ne4 10. Re1 O-O-O 11. Qe2 Nc5 12. Nc3 f6 13. b4 Nxb4 14. Bc4 Bf5
15. Nh4 Bd3 16. Qg4+ Kb8 17. Nf5 Qd7 18. e6 Bxf5 19. Qxf5 Qe7 20. Ba3 g6 21.
Qb1 Nc6 22. Na4 Ne5 23. Nxc5 Qxc5 24. Bxc5 Bxc5 25. Qc2 Rd4 26. Bb3 Bb6 27.
Rad1 Rf4 28. e7 c6 29. Re2 Re8 30. Qd2 1-0

[Event "Nicolo La Rosa op 17th"]
[Site "Mazara del Vallo"]
[Date "2009.08.08"]
[Round "4"]
[White "Campo, Renato"]
[Black "Bonomo, Renan"]
[Result "0-1"]
[WhiteElo "2018"]
[BlackElo "1620"]
[PlyCount "66"]
[EventDate "2009.08.07"]
[EventType "swiss"]
[EventRounds "6"]
[EventCountry "ITA"]
[SourceTitle "EXT 2011"]
[Source "ChessBase"]
[SourceDate "2010.11.26"]
[SourceVersion "1"]
[SourceVersionDate "2010.11.26"]
[SourceQuality "1"]

1. e4 e5 2. Nf3 Nc6 3. c3 d6 4. d4 exd4 5. cxd4 Be7 6. Nc3 Bg4 7. Be2 Qd7 8.
Be3 f6 9. Rc1 a6 10. Nd5 g5 11. O-O h5 12. Nxc7+ Qxc7 13. d5 Qc8 14. dxc6 bxc6
15. Nd4 c5 16. b4 Qd7 17. Bxg4 hxg4 18. Nf5 Bf8 19. Qxg4 cxb4 20. Qf3 Rc8 21.
Rxc8+ Qxc8 22. Rc1 Qe6 23. Nd4 Qxa2 24. Qf5 Kf7 25. g4 Nh6 26. Qc8 Rg8 27. Qb7+
Be7 28. Nc6 Re8 29. Qxb4 Qe2 30. h3 Qf3 31. Qc4+ Kf8 32. Kh2 Nxg4+ 33. hxg4 Kg7
0-1

[Event "Enschede op-B U16"]
[Site "Enschede"]
[Date "2009.08.07"]
[Round "8"]
[White "Van Osch, Mees"]
[Black "Vincent, Gwijde"]
[Result "1-0"]
[WhiteElo "1776"]
[BlackElo "1393"]
[PlyCount "53"]
[EventDate "2009.08.03"]
[EventType "swiss"]
[EventRounds "9"]
[EventCountry "NED"]
[SourceTitle "CBM 132 Extra"]
[Source "ChessBase"]
[SourceDate "2009.11.03"]
[SourceVersion "1"]
[SourceVersionDate "2009.11.03"]
[SourceQuality "1"]

1. e4 e5 2. Nf3 Nc6 3. c3 Be7 4. d4 d6 5. d5 Nb8 6. Bd3 c6 7. c4 Bg4 8. Nc3 Nf6
9. b4 Qc7 10. Be3 cxd5 11. Nxd5 Nxd5 12. cxd5 Bxf3 13. gxf3 Qc3+ 14. Ke2 O-O
15. Rb1 Qc8 16. Rc1 Qd7 17. a4 a6 18. Qb3 b5 19. a5 Qb7 20. Kd2 Nd7 21. Bf1 f5
22. Rc6 Rac8 23. Bh3 f4 24. Bb6 Kh8 25. Rhc1 Rxc6 26. dxc6 Qa8 27. Bxd7 1-0

[Event "GER-ch Seniors"]
[Site "Dresden"]
[Date "2009.08.07"]
[Round "6"]
[White "Schmid, Hartmut"]
[Black "Kempen, Willi"]
[Result "1-0"]
[WhiteElo "2171"]
[BlackElo "2131"]
[PlyCount "25"]
[EventDate "2009.08.03"]
[EventType "swiss"]
[EventRounds "9"]
[EventCountry "GER"]
[SourceTitle "CBM 131 Extra"]
[Source "ChessBase"]
[SourceDate "2009.09.03"]
[SourceVersion "2"]
[SourceVersionDate "2009.09.16"]
[SourceQuality "1"]

1. e4 e5 2. Nf3 Nc6 3. c3 Nf6 4. d4 exd4 5. e5 Ne4 6. Qe2 Nc5 7. cxd4 Ne6 8. d5
Ncd4 9. Nxd4 Nxd4 10. Qe4 c5 11. Bd3 Qb6 12. O-O g6 13. Nd2 1-0

[Event "Olomouc GM-B"]
[Site "Olomouc"]
[Date "2009.08.07"]
[Round "3"]
[White "Biolek, Richard Jr"]
[Black "Gavrilov, Alexei V"]
[Result "1/2-1/2"]
[WhiteElo "2361"]
[BlackElo "2480"]
[PlyCount "104"]
[EventDate "2009.08.05"]
[EventType "tourn"]
[EventRounds "9"]
[EventCountry "CZE"]
[EventCategory "8"]
[SourceTitle "CBM 131 Extra"]
[Source "ChessBase"]
[SourceDate "2009.09.03"]
[SourceVersion "2"]
[SourceVersionDate "2009.09.16"]
[SourceQuality "1"]

1. e4 e5 2. Nf3 Nc6 3. c3 Nf6 4. d4 Nxe4 5. d5 Ne7 6. Nxe5 Ng6 7. Qe2 Qe7 8.
Qxe4 Qxe5 9. Qxe5+ Nxe5 10. Bf4 f6 11. Nd2 d6 12. Nb3 g5 13. Be3 h5 14. O-O-O
Kf7 15. h3 Bd7 16. Nd4 a6 17. Be2 Re8 18. g3 Bg7 19. Nf3 g4 20. Nxe5+ fxe5 21.
hxg4 hxg4 22. Bd3 Kf6 23. Be4 Bf5 24. f3 Ref8 25. Kd2 Kg6 26. Rdf1 Rxh1 27.
Rxh1 Rh8 28. Rxh8 Bxh8 29. Ba7 gxf3 30. Bxf3 Bf6 31. c4 e4 32. Be2 Bxb2 33. g4
Bd7 34. Ke3 c5 35. Kxe4 b5 36. Bb6 Bd4 37. Bc7 Be5 38. Bb6 Bh2 39. Bd8 Be8 40.
Bd3 Kg7 41. Ke3 Be5 42. g5 Bd4+ 43. Kd2 bxc4 44. Bxc4 Bb5 45. Kd3 Kg6 46. a4
Bxa4 47. Bxa6 Bd7 48. Kd2 Be5 49. Bd3+ Bf5 50. Bxf5+ Kxf5 51. Kd3 Bf4 52. Be7
Be5 1/2-1/2

[Event "Major Open"]
[Site "Torquay"]
[Date "2009.08.06"]
[Round "10.46"]
[White "McCullough, Simon L"]
[Black "Grant, David"]
[Result "1-0"]
[WhiteElo "1955"]
[BlackElo "2022"]
[PlyCount "31"]
[EventDate "2009.07.27"]
[EventRounds "11"]
[EventCountry "ENG"]
[SourceTitle "OM OTB B 201907"]
[Source "Opening Master"]
[SourceDate "2019.07.06"]
[SourceVersion "2"]
[SourceVersionDate "2019.07.06"]
[SourceQuality "1"]

1. e4 e5 2. Nf3 Nc6 3. c3 d5 4. Qa4 dxe4 5. Nxe5 Qd5 6. Nxc6 bxc6 7. Bc4 Qd6 8.
O-O Be7 9. d3 exd3 10. Bxd3 Nf6 11. Rd1 Ng4 12. Bf4 Qc5 13. Bg3 O-O 14. Nd2 Rb8
15. Nb3 Qb6 16. Qe4 1-0

[Event "Major Open"]
[Site "Torquay"]
[Date "2009.08.05"]
[Round "9.58"]
[White "Jain, Akash"]
[Black "Lenier, Jude"]
[Result "1/2-1/2"]
[WhiteElo "2012"]
[BlackElo "1808"]
[PlyCount "58"]
[EventDate "2009.07.27"]
[EventRounds "11"]
[EventCountry "ENG"]
[SourceTitle "OM OTB B 201907"]
[Source "Opening Master"]
[SourceDate "2019.07.06"]
[SourceVersion "2"]
[SourceVersionDate "2019.07.06"]
[SourceQuality "1"]

1. e4 e5 2. Nf3 Nc6 3. c3 Nf6 4. d4 exd4 5. e5 Nd5 6. Qb3 Nb6 7. cxd4 d5 8. a3
Bg4 9. Be3 Qd7 10. Nbd2 g6 11. Be2 Bg7 12. O-O O-O 13. h3 Bxf3 14. Nxf3 Na5 15.
Qc2 f6 16. exf6 Bxf6 17. b3 Rae8 18. Rac1 Rf7 19. Qc3 Nc6 20. Bb5 Re6 21. Ng5
Bxg5 22. Bxg5 a6 23. Bd3 Nc8 24. Rfe1 Nd6 25. Rxe6 Qxe6 26. Re1 Ne4 27. Bxe4
dxe4 28. Be3 Qd5 29. Rc1 Rd7 1/2-1/2